Power system analysis (Record no. 1347)

000 -LEADER
fixed length control field 00590nam a2200229 a 4500
001 - CONTROL NUMBER
control field 1347
003 - CONTROL NUMBER IDENTIFIER
control field BD-DhUET
008 - FIXED-LENGTH DATA ELEMENTS--GENERAL INFORMATION
fixed length control field 931008s1994 nyua 001 0 eng
020 ## - INTERNATIONAL STANDARD BOOK NUMBER
International Standard Book Number 0070585156
020 ## - INTERNATIONAL STANDARD BOOK NUMBER
International Standard Book Number 0071133380
040 ## - CATALOGING SOURCE
Original cataloging agency DLC
Transcribing agency DLC
Modifying agency BD-DhUET
082 00 - DEWEY DECIMAL CLASSIFICATION NUMBER
Classification number 623.19
Item number GRA/1994
100 1# - MAIN ENTRY--PERSONAL NAME
Personal name Grainger, John J.
245 10 - TITLE STATEMENT
Title Power system analysis
250 ## - EDITION STATEMENT
Edition statement 1st ed.
260 ## - PUBLICATION, DISTRIBUTION, ETC. (IMPRINT)
Place of publication, distribution, etc. New York
Name of publisher, distributor, etc. McGraw-Hill
Date of publication, distribution, etc. 1994
300 ## - PHYSICAL DESCRIPTION
Extent xix, 787 p.
Other physical details ill.
504 ## - BIBLIOGRAPHY, ETC. NOTE
Bibliography, etc Includes bibliographies
650 #0 - SUBJECT ADDED ENTRY--TOPICAL TERM
Topical term or geographic name as entry element Electric power systems-Management
700 1# - ADDED ENTRY--PERSONAL NAME
Personal name Stevenson, William D.
942 ## - ADDED ENTRY ELEMENTS (KOHA)
Koha item type General Book
Holdings
Withdrawn status Koha renewals Koha date last borrowed Lost status Location (home branch) Shelving location Piece designation (barcode) Date acquired Koha out on loan Koha normalized classification for sorting Copy number Price effective from Not for loan Source of classification or shelving scheme Koha item type Koha date last seen Koha full call number Sublocation or collection (holding branch) Damaged status Koha issues (times borrowed)
  2024-03-04 Central Library, BUETCirculation section1039602014-09-03 623_000000000000000_19GRA199412014-09-03  General Book2024-06-01623.19/GRA/1994Central Library, BUET 5
  2019-05-06 Central Library, BUETCirculation section1039612014-09-03 623_000000000000000_19GRA199422014-09-03  General Book2020-01-14623.19/GRA/1994Central Library, BUET 1
 12025-07-13 Central Library, BUETCirculation section1039622014-09-03 623_000000000000000_19GRA199432014-09-03  General Book2025-11-03623.19/GRA/1994Central Library, BUET 3
  2019-10-21 Central Library, BUETCirculation section1039632014-09-03 623_000000000000000_19GRA199442014-09-03  General Book2025-04-22623.19/GRA/1994Central Library, BUET 1
  2023-11-27 Central Library, BUETCirculation section1039642014-09-032023-12-11623_000000000000000_19GRA199452014-09-03  General Book2023-11-27623.19/GRA/1994Central Library, BUET 1
    Central Library, BUETCirculation section1039652014-09-03 623_000000000000000_19GRA199462014-09-03  General Book2016-01-26623.19/GRA/1994Central Library, BUET  
 22021-02-13 Central Library, BUETCirculation section1039662014-09-03 623_000000000000000_19GRA199472014-09-03  General Book2021-12-13623.19/GRA/1994Central Library, BUET 1
  2022-02-06 Central Library, BUETCirculation section1039672014-09-032023-02-06623_000000000000000_19GRA199482014-09-03  General Book2022-02-06623.19/GRA/1994Central Library, BUET 2
  2025-05-03 Central Library, BUETCirculation section1039682014-09-032025-05-17623_000000000000000_19GRA199492014-09-03  General Book2025-05-03623.19/GRA/1994Central Library, BUET 5
    Central Library, BUETReading section895292015-06-21 623_190000000000000_GRA_1994102015-06-21  Reading Item2015-06-21623.19/GRA/1994Central Library, BUET  
    Central Library, BUETReading section911382015-06-21 623_190000000000000_GRA_1994112015-06-21  Reading Item2015-06-21623.19/GRA/1994Central Library, BUET  
    Central Library, BUETReading section907772015-07-02 623_190000000000000_GRA_1994122015-07-02  Reading Item2015-07-02623.19/GRA/1994Central Library, BUET